000 00649cab a2200217 4500
001 ##L132411
008 060206n2006 000 0 eng u
035 _a(Sirsi) u132411
041 0 _aeng
100 1 _aEade, Christine
245 0 0 _aBristol, Bath and Swindon
_bregional
260 _c2006
490 0 _aProperty Week
_v71(4) 27 January 2006, 121-132(7)
520 _aLooks at spa operating in Bath, private sector development in Swindon and law firms in Bristol.
590 _aIKA140206
650 2 4 _aBATH
650 2 4 _aBRISTOL
650 2 4 _aSWINDON
690 _aPROPERTY-COMMERCIAL PROPERTY-COMMERCIAL PROPERTY MARKET
942 _n0
999 _c76426
_d76426